Statistics for F1 Constructors Champions

Click here to take the quiz!

General Stats

  • This quiz has been taken 350 times
    (285 since last reset)
  • The average score is 58 of 64

Answer Stats

YearAnswer% Correct
2008Ferrari
100%
2007Ferrari
100%
1999Ferrari
100%
1961Ferrari
100%
2000Ferrari
100%
2001Ferrari
100%
1964Ferrari
100%
1983Ferrari
100%
1982Ferrari
100%
2002Ferrari
100%
2003Ferrari
100%
1979Ferrari
100%
2004Ferrari
100%
1977Ferrari
100%
1976Ferrari
100%
1975Ferrari
100%
2021Mercedes
100%
2015Mercedes
100%
2014Mercedes
100%
2016Mercedes
100%
2017Mercedes
100%
2018Mercedes
100%
2019Mercedes
100%
2020Mercedes
100%
2010Red Bull
100%
2011Red Bull
100%
2012Red Bull
100%
2013Red Bull
100%
1991McLaren
99%
1998McLaren
99%
1990McLaren
99%
1989McLaren
99%
1988McLaren
99%
1974McLaren
99%
1985McLaren
99%
1984McLaren
99%
1992Williams
96%
1993Williams
96%
1994Williams
96%
1996Williams
96%
1997Williams
96%
1987Williams
96%
1986Williams
96%
1981Williams
96%
1980Williams
96%
2006Renault
93%
2005Renault
93%
2009Brawn
86%
1973Lotus
77%
1972Lotus
77%
1970Lotus
77%
1978Lotus
77%
1968Lotus
77%
1965Lotus
77%
1963Lotus
77%
1995Benetton
75%
1967Brabham
69%
1966Brabham
69%
1971Tyrrell
52%
1959Cooper
50%
1960Cooper
50%
1958Vanwall
48%
1962BRM
44%
1969Matra
38%

Score Distribution

Percentile by Number Answered

Percent of People with Each Score

Your Score History

You have not taken this quiz since the last reset